Sistemas de control de calidad
Shranjeno v:
| Glavni avtor: | |
|---|---|
| Format: | Knjiga |
| Jezik: | španščina |
| Izdano: |
Buenos Aires
El Ateneo
1971
|
| Serija: | Biblioteca de Ciencias Económicas. Serie de Sistemas de Control Gerencial
|
| Teme: | |
| Oznake: |
Označite
Brez oznak, prvi označite!
|
MARC
| LEADER | 00000nam a2200000 a 4500 | ||
|---|---|---|---|
| 001 | UCQ1076 | ||
| 003 | CL-VaPUC | ||
| 008 | 980709e19710000AG |||||||||||||||||spa|d | ||
| 082 | 0 | 4 | |a 658.562 |b FET |2 21 |
| 100 | 0 | |a Fetter, Robert B |e author |9 414610 | |
| 245 | 1 | 0 | |a Sistemas de control de calidad |
| 300 | |a 187 p | ||
| 942 | |c BK | ||
| 945 | |d 19980709 00:00:00 |a cmena | ||
| 260 | |a Buenos Aires |b El Ateneo |c 1971 | ||
| 650 | 0 | |a Control de calidad |9 259714 | |
| 650 | 0 | |a Calidad total |9 259929 | |
| 650 | 0 | |a Productividad |9 335972 | |
| 650 | 0 | |a Administración de empresas |9 260833 | |
| 650 | 7 | |a CONTROL DE OPERACIONES |2 CL-VaPUC |9 414611 | |
| 650 | 0 | |a Análisis estadístico |9 269506 | |
| 583 | |a last modification |c 19980709 00:00:00 |k Rodrigo Vera | ||
| 490 | 0 | |a Biblioteca de Ciencias Económicas. Serie de Sistemas de Control Gerencial | |
| 999 | |c 272080 |d 272078 | ||
| 952 | |0 0 |1 0 |4 0 |6 658_562000000000000_FET_1971 |7 0 |8 A |9 306934 |a BIBGIM |b BIBGIM |d 2019-11-20 |i 1430890 |o 658.562 FET 1971 |p 1430890 |r 2025-01-15 |w 2019-11-20 |y BK |k COM | ||
| 952 | |0 0 |1 0 |4 0 |6 658_562000000000000_FET_1971 |7 0 |8 A |9 306935 |a BIBGIM |b BIBGIM |d 2019-11-20 |i 1430920 |o 658.562 FET 1971 |p 1430920 |r 2025-01-15 |w 2019-11-20 |y BK |k COM | ||